000 01684nam0a2200421 4500
001 RU\NLR\BIBL_A\012682277
005 20220218101916.0
010 _a978-5-98904-271-5
021 _aRU
_bКН-П-21-061901
_9КН-П-21-4849
035 _a(NLR Aleph) 012682277
035 _a(RuMoRGB)010796226
090 _a12819260
_c12819260
100 _a20220112d2019 u y0rusy50 ca
101 1 _arus
_cger
102 _aRU
105 _ay z 001zy
181 0 _ai
_baxxe
182 1 _an
200 1 _aОб истерии
_dUeber Hysterie
_eотчеты о докладе
_eкритически-историческое исследовательское издание
_fЗигмунд Фрейд
_gперевод с немецкого М. М. Бочкарёвой
_zger
203 _aТекст
_bвизуальный
_cнепосредственный
210 _aИжевск
_cERGO
_d2019
215 _aVIII, 91, [1] с.
_cил., портр.
_d22
300 _aАвт. также на нем. яз.: Sigmund Freud
320 _aБиблиогр.: с. 88-89
320 _aИмен. указ.: с. 90
320 _aУказ. геогр. мест: с. 90
320 _aПредм. указ.: с. 91
510 1 _6z20790
_aUeber Hysterie
_zger
606 1 _aИстерия
_xИстория изучения
_2nlr_sh2
_3RU\NLR\AUTH\661443593
686 1 _aЮ91(4А)6-736
686 1 _aР645.94г
700 1 _aФрейд
_bЗ.
_f1856-1939
_gЗигмунд
_3RU\NLR\AUTH\772621
790 1 _6z20510
_aFreud
_bS.
_f1856-1939
_gSigmund
_3RU\NLR\AUTH\772622
942 _cBOOK
980 _aNBR
980 _aNB